FROM PTOLEMY TO STUYVESANT (Record no. 210263)

MARC details
000 -LEADER
fixed length control field 00335nam a22001337a 4500
008 - FIXED-LENGTH DATA ELEMENTS--GENERAL INFORMATION
fixed length control field 240604b |||||||| |||| 00| 0 eng d
100 ## - MAIN ENTRY--PERSONAL NAME
Personal name ANTIQUARIANT FORUM
245 ## - TITLE STATEMENT
Title FROM PTOLEMY TO STUYVESANT
260 ## - PUBLICATION, DISTRIBUTION, ETC.
Place of publication, distribution, etc. UTRECHT
Name of publisher, distributor, etc. HOUTEN
Date of publication, distribution, etc. 2006
300 ## - PHYSICAL DESCRIPTION
Extent 180P.
500 ## - GENERAL NOTE
General note INCLUDES AN INDEX
942 ## - ADDED ENTRY ELEMENTS (KOHA)
Source of classification or shelving scheme Library of Congress Classification
Koha item type Long Loan Book
Holdings
Withdrawn status Lost status Source of classification or shelving scheme Damaged status Not for loan Collection Home library Current library Shelving location Date acquired Inventory number Total checkouts Full call number Barcode Date last seen Copy number Price effective from Koha item type
    Library of Congress Classification     Science & Technology Kisii University Library Kisii University Library On Display 06/04/2024 102545   Z 999 .A58 2006 000000008791 06/04/2024 C.1 06/04/2024 Long Loan Book